000 00783nam a2200229 a 4500
001 000045195
003 DO-SdBNP
005 20210831093902.0
008 150209s 2014 dr a r 000 0 spa d
020 _a9789945587067
040 _aDO-SdBNP
_bspa
_cBNPHU
082 _axxxx
_bxxxx
100 1 _aRodríguez Almaguer, Carlos,
_d1971-
_973210
245 1 0 _aJosé Martí :
_bpor los caminos de la vida nueva /
_cCarlos Rodríguez Almaguer.
260 _aSanto Domingo :
_bFundación Juan Bosch,
_c2014.
300 _a152 p. :
_bil., retrs. ;
_c23 cm.
500 _aIncluye datos biográficos del autor en las solapas.
500 _aIncluye referencias bibliográficas y notas al pie de las páginas.
590 _aInventariado, 2019/BT
910 _aBtavárez
942 _2ddc
_cLBS1
999 _c44684
_d44684